Development of an online tool wear monitoring system /
Saved in:
| Main Author: | |
|---|---|
| Format: | Thesis Book |
| Language: | English |
| Published: |
2001.
|
| Tags: |
Add Tag
No Tags, Be the first to tag this record!
|
| LEADER | 00670cam a2200205 a 4500 | ||
|---|---|---|---|
| 001 | u504502 | ||
| 003 | SIRSI | ||
| 008 | 020917s2001 si v 00 1 eng m | ||
| 035 | |a ACV-7898 | ||
| 040 | |a UMM | ||
| 090 | |a TJ7 |b NUS 2001 Xu | ||
| 100 | 1 | 0 | |a Xu, Xin. |
| 245 | 1 | 0 | |a Development of an online tool wear monitoring system / |c Xu Xin. |
| 260 | |c 2001. | ||
| 300 | |a x, 97 leaves : |b ill. ; |c 30 cm. | ||
| 502 | |a Dissertation (M.Eng.) -- National University of Singapore, 2001. | ||
| 504 | |a Bibliography: leaves 70-76. | ||
| 948 | |a 23/09/2002 |b 12/11/2002 | ||
| 596 | |a 1 | ||
| 999 | |a TJ7 NUS 2001 XU |w LC |c 1 |i A510892903 |l B_KOM4 |m P01UTAMA |r Y |s Y |t TESIS |u 29/11/2002 |o .PUBLIC. BKOM 4 : 45348 | ||
